Wszyscy artyści, którzy reprezentowali Polskę w konkursie Eurowizji - Statystyki

Ogólne statystyki
  • Ten quiz został rozwiązany 20 razy
  • Średni wynik to 14 z 25
Statystyki odpowiedzi
Artysta % Poprawnych
Edyta Górniak
100%
Justyna Steczkowska
100%
Ich Troje
95%
Andrzej Piaseczny
84%
Michał Szpak
84%
Kasia Moś
68%
Blanka
63%
Tulia
63%
Donatan i Cleo
58%
Gromee
58%
Luna
58%
Rafał Brzozowski
58%
Anna Maria Jopek
53%
Mietek Szcześniak
53%
Blue Cafe
47%
Kasia Kowalska
47%
Krystian Ochman
47%
Monika Kuszyńska
47%
Isis Gee
42%
Sixteen
37%
The Jet Set
37%
Ivan i Delfin
32%
Magdalena Tul
26%
Lidia Kopania
21%
Marcin Mroziński
21%
Nie znaleziono quizów pasujących do podanych kryteriów
Rozkład punktacji
Procent ludzi z każdym wynikiem
Percentyl według liczby udzielonych odpowiedzi
Twoja historia wyników
Nie rozwiązałeś tego quizu